Antalya'nın İlçeleri - Statistics

General Stats
  • This quiz has been taken 251 times
  • The average score is 13 of 19
Answer Stats
Nüfus Cevap % Correct
359.891 Alanya
96%
64.014 Kaş
91%
512.700 Muratpaşa
86%
258.367 Manavgat
84%
49.695 Kemer
82%
196.498 Konyaaltı
82%
141.569 Serik
74%
614.135 Kepez
73%
55.185 Gazipaşa
69%
80.350 Aksu
67%
86.109 Döşemealtı
65%
59.295 Korkuteli
65%
41.240 Elmalı
64%
50.688 Finike
61%
74.353 Kumluca
61%
11.896 Akseki
52%
4.243 İbradı
50%
8.259 Gündoğmuş
49%
27.762 Demre
48%
No matching quizzes found
Score Distribution
Percent of People with Each Score
Percentile by Number Answered
Your Score History
You have not taken this quiz